Statistiques concernant Personnages de fiction en images - G

Cliquez ici pour prendre le quiz!

Statistiques générales

  • Ce quiz a été pris 41 563 fois
  • Le résultat moyen est 14 sur 20

Statistiques - réponses

Réponse% Correct
Garfield
98%
Gargamel
94%
Gollum
89%
Groot
88%
Génie
86%
Grincheux
86%
Gaston Lagaffe
79%
Godzilla
78%
Gandalf
75%
Green Lantern
73%
Goldorak
71%
Ginny Weasley
68%
Gizmo
65%
Geppetto
64%
Gary
52%
Godefroy de Montmirail
47%
Gretel
43%
Gromit
39%
Ganon
33%
Guenièvre
29%

Distribution des résultats

Percentile par nombre de réponses

% des personnes avec chaque résultat

Votre développement - résultats

Vous n’avez pas pris ce quiz